000 00610nam a22002177a 4500
999 _c58106
_d58103
003 PK-NaQUE
005 20251126120247.0
008 251126b ||||| |||| 00| 0 eng d
020 _a1259643611
020 _a9781259643613
040 _cQUEST
082 _a658.562DEF
100 _aDefeo, Joseph A
245 _aJuran's Quality Handbook: the complete guide to performance excellence
250 _a7th ed.
260 _aNew York:
_bMcGraw hill,
_c2017.
300 _a968p. ;
650 _aQuality Control
856 _uhttp://10.10.170.122:8080/browse/book/21066
_yDownload eBook
942 _cBK
_2ddc